000 00816nam a2200241 i 4500
001 8756
003 ES-MaACL
005 20230906145525.0
007 t|
008 920924s1991 sp a |||| | spa d
020 _a84-206-2672-4
080 _a9(51)"16"
100 1 _aCortes, Adriano de las.
_940843
245 1 0 _aViaje de la China /
_cP. Adriano de las Cortes (S.I.) ; edición, introducción y notas de Beatriz Moncó Rebollo.
260 _aMadrid :
_bAlianza,
_cD.L. 1991.
300 _a362 p. :
_bil. ;
_c20 cm.
490 1 _aAlianza universidad. Ciencias sociales
651 4 _aChina-
_xDescripción-
_vObras anteriores a 1800.
_9166977
700 1 _aMoncó Rebollo, Beatriz.
_982134
830 0 _aAlianza universidad. Ciencias sociales
_9178277
852 _aES-MaACL
_jL-16212
999 _c8756
_d8756